| 000 | 00485nam a2200181Ia 4500 | ||
|---|---|---|---|
| 001 | 13242 | ||
| 005 | 20260306163039.0 | ||
| 008 | 260306t2009||||xx |||||||||||||| ||spa|| | ||
| 041 | _aESP | ||
| 082 |
_a001.42 _bG22 |
||
| 100 |
_aGarcía de Ceretto, Josefa _eAUT |
||
| 245 | 0 |
_aNuevos desafios en investigación: _bTeorías, métodos, técnicas e instrumentos |
|
| 260 | _c2009 | ||
| 300 |
_a250 páginas : _c22 cm. |
||
| 650 | _aGEN | ||
| 654 | _aCHU | ||
| 942 |
_cLIB _dJUS _fJUS _2ddc _n |
||
| 999 |
_c13242 _d13242 |
||